Estética y pragmática del relato fantástico: las estrategias narrativas y la cooperación interpretativa del lector

Furkejuvvon:
Bibliográfalaš dieđut
Váldodahkki: Herrero Cecilia, Juan (Dahkki)
Materiálatiipa: Girji
Giella:espánnjágiella
Almmustuhtton: Cuenca Universidad de Castilla-La Mancha 2000
Preanttus:1a. ed
Ráidu:Colección Monografías, 31
Fáttát:
Fáddágilkorat: Lasit fáddágilkoriid
Eai fáddágilkorat, Lasit vuosttaš fáddágilkora!

MARC

LEADER 00000nam a2200000 a 4500
001 UCK6460
003 CL-VaPUC
008 050930e20000000SP |||||||||||||||||spa|d
020 |a 8484270793 
082 0 4 |a 809.3  |b HER  |2 21 
100 |a Herrero Cecilia, Juan  |e author  |9 533019 
245 1 0 |a Estética y pragmática del relato fantástico: las estrategias narrativas y la cooperación interpretativa del lector 
250 |a 1a. ed 
300 |a 269 p 
942 |c BK 
945 |d 20050930 00:00:00  |a jcarroza 
260 |a Cuenca  |b Universidad de Castilla-La Mancha  |c 2000 
650 0 |a Historia y crítica   |9 257407 
650 0 |a Literatura fantástica   |9 266050 
650 0 |a Estética   |9 264950 
650 0 |a Pragmática   |9 416307 
583 |a last modification  |c 20050930 00:00:00  |k Rodrigo Vera 
490 0 |a Colección Monografías, 31 
999 |c 314746  |d 314744 
952 |0 0  |1 0  |4 0  |6 809_300000000000000_HER_2000  |7 0  |8 A  |9 387459  |a BIBEDU  |b BIBEDU  |d 2019-11-22  |i 4152034  |o 809.3 HER 2000  |p 4152034  |r 2019-11-22  |w 2019-11-22  |y BK  |k LIT